[Event "Margaryan Mem 2013"]
[Site "Yerevan ARM"]
[Date "2013.01.08"]
[Round "1.1"]
[White "Goganov, A."]
[Black "Babujian, L."]
[Result "1-0"]
[WhiteElo "2545"]
[BlackElo "2497"]
[PlyCount "79"]
[EventDate "2013.01.08"]
[EventType "tourn"]
[EventRounds "9"]
[EventCountry "ARM"]
[EventCategory "11"]
[Source "Chess Today"]
[SourceDate "2013.01.21"]

1. d4 Nf6 2. c4 e6 3. Nf3 c5 4. d5 b5 5. Bg5 exd5 6. cxd5 d6 7. e4 a6 8. a4 Be7
9. Bxf6 Bxf6 10. axb5 Bxb2 11. Ra2 Bf6 12. Nbd2 O-O 13. Bd3 Bb7 14. O-O Bc3 15.
Qb3 Bxd2 16. Nxd2 axb5 17. Rxa8 Bxa8 18. Qxb5 f5 19. Nc4 fxe4 20. Bxe4 Nd7 21.
Ne3 g6 22. Bf3 Ne5 23. Be2 Qe7 24. Qb2 Qf6 25. Kh1 Qf4 26. Kg1 Qf6 27. Kh1 Kg7
28. Qa1 Nf7 29. Kg1 Rb8 30. Qa7 Rb2 31. Ba6 Qd8 32. Bc8 Bxd5 33. Qa1 Qf6 34.
Nxd5 Qd4 35. Ne3 Ne5 36. Qa7+ Kh6 37. Qe7 Qf4 38. Nd5 Qd4 39. Qf8+ Kg5 40. h4+
1-0

[Event "Margaryan Mem 2013"]
[Site "Yerevan ARM"]
[Date "2013.01.08"]
[Round "1.3"]
[White "Grigoryan, K2."]
[Black "Zilka, S."]
[Result "1-0"]
[WhiteElo "2513"]
[BlackElo "2529"]
[PlyCount "125"]
[EventDate "2013.01.08"]
[EventType "tourn"]
[EventRounds "9"]
[EventCountry "ARM"]
[EventCategory "11"]
[Source "Chess Today"]
[SourceDate "2013.01.21"]

1. e4 e5 2. Nf3 Nc6 3. Bb5 a6 4. Ba4 Nf6 5. O-O Be7 6. Re1 b5 7. Bb3 d6 8. a4
b4 9. a5 O-O 10. d3 Bg4 11. c3 bxc3 12. bxc3 Rb8 13. Nbd2 d5 14. h3 Bh5 15. g4
dxe4 16. dxe4 Nxg4 17. hxg4 Bxg4 18. Bd5 Qd6 19. Bxc6 Qxc6 20. Nxe5 Qxc3 21.
Qxg4 Qxa1 22. Nc6 Rbe8 23. e5 Qc3 24. Qf3 Qxf3 25. Nxf3 Bc5 26. Be3 Bxe3 27.
Rxe3 Re6 28. Nfd4 Rg6+ 29. Kh2 Re8 30. Rb3 Rh6+ 31. Kg3 Rg6+ 32. Kh3 Rh6+ 33.
Kg4 Rg6+ 34. Kf5 h5 35. Rh3 Rg4 36. f4 g6+ 37. Ke4 Kg7 38. Ke3 Rg1 39. Kf2 Rd1
40. Ke2 Rc1 41. f5 Kh6 42. f6 Kg5 43. Rg3+ Kf4 44. Rf3+ Kg4 45. Re3 Kg5 46. Ne7
Rb8 47. Nd5 Rb2+ 48. Kd3 c5 49. Nf3+ Kh6 50. Nd2 Ra1 51. Nc3 g5 52. e6 fxe6 53.
Rxe6 Kg6 54. Nc4 Rf2 55. Ne5+ Kf5 56. Re8 c4+ 57. Ke3 Kxf6 58. Kxf2 Rxa5 59.
Nxc4 Rf5+ 60. Ke3 h4 61. Ne4+ Kg7 62. Ncd6 Rf8 63. Re5 1-0

[Event "Margaryan Mem 2013"]
[Site "Yerevan ARM"]
[Date "2013.01.08"]
[Round "1.4"]
[White "Gabuzyan, H."]
[Black "Harutyunian, T."]
[Result "1/2-1/2"]
[WhiteElo "2525"]
[BlackElo "2358"]
[Annotator "Alex Baburin (www.chesstoday.net)"]
[PlyCount "95"]
[EventDate "2013.01.08"]
[EventType "tourn"]
[EventRounds "9"]
[EventCountry "ARM"]
[EventCategory "11"]
[Source "Chess Today"]
[SourceDate "2013.01.21"]

1. c4 e6 2. Nf3 d5 3. g3 Nf6 4. Bg2 dxc4 5. Qa4+ Nbd7 6. Qxc4 a6 7. Qc2 c5 8.
O-O b6 9. d4 Bb7 10. Nc3 Rc8 11. Rd1 b5 12. Bg5 cxd4 13. Rxd4 Bc5 14. Bxf6 gxf6
15. Rd2 b4 16. Rad1 Rc7 17. Na4 Bxf2+ 18. Kxf2 Rxc2 19. Rxc2 Qb8 20. Rd4 a5 21.
e3 Ne5 22. Nxe5 fxe5 23. Rdc4 O-O 24. Nc5 Bxg2 25. Kxg2 Qa8+ 26. e4 Rd8 27. Nd7
f5 28. Nxe5 fxe4 29. Kh3 Qd5 30. Rc5 Qd1 31. Ng4 {Diagram #} Rd5 $2 {This is a
completely wrong idea - the rook was actually better off on d8!} ({Black could
play} 31... Kh8 $19) 32. Rc8+ Kg7 $2 ({It's hard to admit your mistake, but} 
32... Rd8 {was called for.}) 33. Kh4 $4 ({Here White could decide the game in
his favour with a simple enough tactical shot -} 33. R2c7+ $1 Rd7 (33... Kg6
34. Rg8+ Kf5 35. Rf7#) 34. Rxd7+ Qxd7 35. Rg8+ $1) {but he returned the favour:
} 33... e3 $2 ({After that mistake Black could still win by playing} 33... Rd8)
34. R2c7+ Rd7 35. Rd8 Qxg4+ 36. Kxg4 Rxc7 37. Kf3 Rc2 38. Ra8 e2 39. Kf2 Rxb2
40. Rxa5 Kf6 (40... e1=Q+ $5 41. Kxe1 Rxh2) 41. a3 b3 42. Rb5 e5 43. a4 Rb1 44.
Kxe2 b2 45. Kd3 e4+ 46. Kc2 e3 47. Kxb1 e2 48. Rb6+ 1/2-1/2

[Event "Margaryan Mem 2013"]
[Site "Yerevan ARM"]
[Date "2013.01.09"]
[Round "2.2"]
[White "Harutyunian, T."]
[Black "Azaladze, S."]
[Result "1-0"]
[WhiteElo "2358"]
[BlackElo "2471"]
[PlyCount "67"]
[EventDate "2013.01.08"]
[EventType "tourn"]
[EventRounds "9"]
[EventCountry "ARM"]
[EventCategory "11"]
[Source "Chess Today"]
[SourceDate "2013.01.21"]

1. d4 g6 2. c4 Bg7 3. Nc3 d6 4. g3 Nf6 5. Bg2 O-O 6. Nf3 Nc6 7. O-O a6 8. d5
Na5 9. Nd2 c5 10. Rb1 Nd7 11. Qc2 b5 12. b3 Rb8 13. Bb2 Nb6 14. Nd1 Bxb2 15.
Nxb2 Bd7 16. Qc3 Nb7 17. e4 a5 18. f4 a4 19. e5 Bf5 20. Rbe1 a3 21. Nd1 bxc4
22. bxc4 Na4 23. Qxa3 Qa5 24. Rf2 Qb4 25. Qf3 Na5 26. a3 Qb6 27. e6 fxe6 28. g4
Bc2 29. Ne3 Bd3 30. dxe6 Nb2 31. f5 Qa7 32. Ne4 Qb7 33. Qf4 Qc8 34. Qh6 1-0

[Event "Margaryan Mem 2013"]
[Site "Yerevan ARM"]
[Date "2013.01.09"]
[Round "2.5"]
[White "Goganov, A."]
[Black "Baryshpolets, A."]
[Result "1/2-1/2"]
[WhiteElo "2545"]
[BlackElo "2502"]
[PlyCount "157"]
[EventDate "2013.01.08"]
[EventType "tourn"]
[EventRounds "9"]
[EventCountry "ARM"]
[EventCategory "11"]
[Source "Chess Today"]
[SourceDate "2013.01.21"]

1. d4 Nf6 2. c4 g6 3. Nc3 Bg7 4. e4 d6 5. Nf3 O-O 6. Be2 e5 7. O-O Nc6 8. d5
Ne7 9. b4 a5 10. Ba3 Nd7 11. bxa5 Rxa5 12. Bb4 Ra8 13. a4 Bh6 14. a5 f5 15. Bd3
Kh8 16. Re1 Nf6 17. c5 fxe4 18. Nxe4 Nxe4 19. Bxe4 Bf5 20. cxd6 cxd6 21. Qd3
Qd7 22. Qa3 Bxe4 23. Rxe4 Nf5 24. h3 Rad8 25. Bc3 Kg8 26. Rb1 Qf7 27. Rb5 Rd7
28. Qb3 Rc8 29. Bb2 Rdc7 30. g4 Ne7 31. Nxe5 dxe5 32. d6 Qxb3 33. Rxb3 Rd7 34.
dxe7 Rxe7 35. Ba3 Rf7 36. Rxe5 Bg7 37. Re7 Rxe7 38. Bxe7 Rc7 39. Bd8 Rd7 40.
Bb6 Be5 41. Rb5 Bf6 42. Kg2 Kf7 43. Kf3 Ke6 44. Ke4 Bc3 45. f4 Bf6 46. Rb1 Rd2
47. Bc7 Re2+ 48. Kd3 Rb2 49. Rxb2 Bxb2 50. Ke4 Bc3 51. Bb6 Be1 52. f5+ gxf5+
53. gxf5+ Kf7 54. Ke5 Bg3+ 55. Kd5 Kf6 56. Ke4 Kf7 57. Bd8 Ke8 58. Bg5 Be1 59.
Kd5 Kf7 60. Bd8 Ke8 61. Bb6 Ke7 62. Ke5 Bg3+ 63. Ke4 Kf7 64. Bd8 Ke8 65. Bf6
Be1 66. Kd5 Kf7 67. Bd8 Ke8 68. Bc7 Ke7 69. Bb6 Kf6 70. Ke4 Kf7 71. Kf4 Ke7 72.
Kg5 Bd2+ 73. Kg4 Be1 74. h4 Kf7 75. h5 Ke7 76. Kf4 Kf7 77. Ke5 Bg3+ 78. Kd5 Kf6
79. Ke4 1/2-1/2

[Event "Margaryan Mem 2013"]
[Site "Yerevan ARM"]
[Date "2013.01.10"]
[Round "3.1"]
[White "Baryshpolets, A."]
[Black "Babujian, L."]
[Result "0-1"]
[WhiteElo "2502"]
[BlackElo "2497"]
[Annotator "Alex Baburin (www.chesstoday.net)"]
[PlyCount "102"]
[EventDate "2013.01.08"]
[EventType "tourn"]
[EventRounds "9"]
[EventCountry "ARM"]
[EventCategory "11"]
[Source "Chess Today"]
[SourceDate "2013.01.21"]

1. d4 Nf6 2. c4 g6 3. Nc3 d5 4. Nf3 Bg7 5. Qb3 dxc4 6. Qxc4 O-O 7. e4 Nfd7 8.
Be3 Nb6 9. Qc5 a5 10. Rd1 Bg4 11. Be2 N8d7 12. Qg5 f5 13. exf5 Bxf5 14. h4 a4
15. h5 a3 16. hxg6 Bxg6 17. Nh4 Bf6 18. Qg3 Bxh4 19. Rxh4 axb2 20. Bd3 Rf6 21.
Ne4 Rc6 22. d5 Nxd5 23. Bd4 e5 24. Bxb2 Rxa2 25. Rd2 Nf4 26. Rxf4 exf4 27. Qxf4
Qf8 28. Qg5 Qf7 29. Bb1 Rxb2 30. Rxb2 Kg7 31. Ba2 Qe8 32. f3 Nc5 33. Rd2 Nxe4
34. fxe4 Qxe4+ 35. Re2 Qb4+ 36. Kf1 Rf6+ 37. Kg1 Qd4+ 38. Kh2 Rf5 39. Qe7+ Kh6
40. Be6 Rh5+ 41. Bh3 Qd6+ 42. Qxd6 cxd6 43. Rd2 d5 44. Rb2 d4 45. Rxb7 Rd5 46.
Rd7 Rxd7 47. Bxd7 d3 48. g4 d2 49. Ba4 Kg5 50. Kg3 Be8 51. Bc2 Bd7 (51... Bd7
52. Bd1 Be6 $22) 0-1

[Event "Margaryan Mem 2013"]
[Site "Yerevan ARM"]
[Date "2013.01.10"]
[Round "3.2"]
[White "Grigoryan, K2."]
[Black "Goganov, A."]
[Result "1-0"]
[WhiteElo "2513"]
[BlackElo "2545"]
[PlyCount "81"]
[EventDate "2013.01.08"]
[EventType "tourn"]
[EventRounds "9"]
[EventCountry "ARM"]
[EventCategory "11"]
[Source "Chess Today"]
[SourceDate "2013.01.21"]

1. e4 e6 2. d4 d5 3. Nc3 Bb4 4. e5 c5 5. a3 Bxc3+ 6. bxc3 Ne7 7. Qg4 cxd4 8.
Qxg7 Rg8 9. Qxh7 Qc7 10. Ne2 Nbc6 11. f4 Bd7 12. Qd3 dxc3 13. h4 d4 14. h5
O-O-O 15. h6 Be8 16. h7 Rh8 17. g4 f6 18. Rh6 fxe5 19. f5 exf5 20. gxf5 Nd5 21.
f6 Kb8 22. Rb1 Ne3 23. Bxe3 dxe3 24. Qe4 Rd2 25. Bg2 Nd8 26. Qxe3 Bc6 27. Bxc6
Nxc6 28. f7 Rdd8 29. Qxc3 Qxf7 30. Qxc6 Rxh7 31. Qf6 Qxf6 32. Rxf6 Rc8 33. Kd2
Rd7+ 34. Kc1 Rdc7 35. Rb2 Rc4 36. Rf7 b6 37. Rd7 Re4 38. Rd2 Rh8 39. Rb4 Re3
40. Rb3 Re4 41. Rbd3 1-0

[Event "Margaryan Mem 2013"]
[Site "Yerevan ARM"]
[Date "2013.01.10"]
[Round "3.3"]
[White "Gabuzyan, H."]
[Black "Kravtsiv, M."]
[Result "0-1"]
[WhiteElo "2525"]
[BlackElo "2589"]
[PlyCount "78"]
[EventDate "2013.01.08"]
[EventType "tourn"]
[EventRounds "9"]
[EventCountry "ARM"]
[EventCategory "11"]
[Source "Chess Today"]
[SourceDate "2013.01.21"]

1. Nf3 Nf6 2. g3 e6 3. Bg2 d5 4. O-O Be7 5. d4 O-O 6. c4 dxc4 7. Qc2 a6 8. a4
Bd7 9. Qxc4 Bc6 10. Bg5 h6 11. Bxf6 Bxf6 12. Nc3 a5 13. e4 Na6 14. Rfd1 Nb4 15.
Ne1 Be7 16. Rac1 Rb8 17. Nb5 Bxb5 18. axb5 c6 19. bxc6 bxc6 20. Nf3 Qb6 21. Ne5
Qa7 22. d5 cxd5 23. exd5 Bf6 24. Nc6 Nxc6 25. dxc6 Rxb2 26. Rc2 Rxc2 27. Qxc2
Rc8 28. Rb1 Qd4 29. Qb3 Be5 30. Qb7 Qd8 31. Qa6 Bc7 32. Qe2 a4 33. Rd1 Qf8 34.
Rd7 a3 35. Be4 Bb6 36. Kg2 Qc5 37. Qf3 f5 38. Qh5 Qxf2+ 39. Kh3 fxe4 0-1

[Event "73rd ch-ARM 2013"]
[Site "Yerevan ARM"]
[Date "2013.01.13"]
[Round "2.1"]
[White "Andriasian, Zaven"]
[Black "Ter-Sahakyan, Samvel"]
[Result "1-0"]
[WhiteElo "2598"]
[BlackElo "2567"]
[PlyCount "87"]
[EventDate "2013.01.12"]
[Source "Chess Today"]
[SourceDate "2013.01.21"]

1. c4 c5 2. g3 Nc6 3. Bg2 g6 4. Nc3 Bg7 5. Nf3 d6 6. O-O Nf6 7. e3 O-O 8. d4
Bf5 9. h3 cxd4 10. Nxd4 Nxd4 11. exd4 Qc8 12. g4 Be6 13. b3 Re8 14. Be3 Bd7 15.
Rc1 Qc7 16. Qd2 Rac8 17. Rfe1 a6 18. Bf3 Qb8 19. a4 b5 20. cxb5 axb5 21. a5 Bc6
22. Bxc6 Rxc6 23. d5 Rcc8 24. Qd3 b4 25. Na4 Rxc1 26. Rxc1 Qa8 27. Qb5 Qxd5 28.
Qxb4 Qf3 29. Qf4 Qe2 30. Qc4 Qf3 31. Qc6 Qxh3 32. Qg2 Qh4 33. Qg3 Qxg3+ 34.
fxg3 Nxg4 35. Bb6 Ra8 36. b4 Nf6 37. Bf2 Nd5 38. Nb6 Nxb6 39. Bxb6 Be5 40. b5
d5 41. a6 Kf8 42. a7 Bd6 43. Bf2 e5 44. b6 1-0

[Event "73rd ch-ARM 2013"]
[Site "Yerevan ARM"]
[Date "2013.01.13"]
[Round "2.2"]
[White "Grigoryan, Avetik"]
[Black "Hayrapetyan, Hovik"]
[Result "1-0"]
[WhiteElo "2599"]
[BlackElo "2488"]
[PlyCount "85"]
[EventDate "2013.01.12"]
[Source "Chess Today"]
[SourceDate "2013.01.21"]

1. c4 Nf6 2. d4 e6 3. Nf3 d5 4. g3 dxc4 5. Bg2 c5 6. O-O Nc6 7. Qa4 Bd7 8. Qxc4
cxd4 9. Nxd4 Rc8 10. Nc3 Nxd4 11. Qxd4 Bc5 12. Qh4 Bc6 13. Rd1 Nd7 14. Bxc6
Rxc6 15. Qxd8+ Kxd8 16. Bf4 Ke7 17. Rd3 e5 18. Rad1 Rd6 19. Nd5+ Kd8 20. Be3
Bxe3 21. Nxe3 Rxd3 22. Rxd3 g6 23. Nd5 Kc8 24. g4 f6 25. Rh3 Kd8 26. Kg2 h6 27.
Rf3 Rf8 28. Rb3 Nc5 29. Rh3 Kd7 30. Rxh6 Kd6 31. Nc3 g5 32. Kf3 a6 33. Ne4+
Nxe4 34. Kxe4 Ke6 35. Rh7 Rb8 36. Rc7 Kd6 37. Rh7 Ke6 38. Rc7 Kd6 39. Rc3 Ke6
40. e3 Rh8 41. Rb3 b5 42. Ra3 Ra8 43. Rc3 1-0

[Event "73rd ch-ARM 2013"]
[Site "Yerevan ARM"]
[Date "2013.01.13"]
[Round "2.5"]
[White "Aghasaryan, Robert"]
[Black "Kotanjian, Tigran"]
[Result "0-1"]
[WhiteElo "2443"]
[BlackElo "2518"]
[PlyCount "88"]
[EventDate "2013.01.12"]
[Source "Chess Today"]
[SourceDate "2013.01.21"]

1. d4 d5 2. c4 dxc4 3. Nf3 Nf6 4. e3 e6 5. Bxc4 c5 6. O-O a6 7. dxc5 Qxd1 8.
Rxd1 Bxc5 9. Nbd2 b6 10. Be2 Bb7 11. Nc4 Nbd7 12. a3 O-O 13. b4 Be7 14. Bb2 Bd5
15. Nfe5 Nxe5 16. Bxe5 Bxc4 17. Bxc4 a5 18. b5 Rac8 19. Be2 Nd5 20. Bf3 Nc3 21.
Rd7 Bf6 22. Bxf6 gxf6 23. Rd6 Rb8 24. a4 Rfc8 25. Rd4 f5 26. Kf1 e5 27. Rd7 Rc4
28. Rc1 Rc5 29. Bh5 Nxa4 30. Bxf7+ Kh8 31. Rxc5 Nxc5 32. Re7 Rb7 33. Re8+ Kg7
34. Bd5 Rd7 35. Rxe5 Kf6 36. f4 a4 37. Ke2 a3 38. Bc4 Ra7 39. Ba2 Ra5 40. Kd2
Rxb5 41. Kc3 Ne4+ 42. Kd4 Rb4+ 43. Kd3 Rb2 44. Re6+ Kg7 0-1

[Event "73rd ch-ARM 2013"]
[Site "Yerevan ARM"]
[Date "2013.01.14"]
[Round "3.1"]
[White "Kotanjian, Tigran"]
[Black "Andriasian, Zaven"]
[Result "1/2-1/2"]
[WhiteElo "2518"]
[BlackElo "2598"]
[PlyCount "156"]
[EventDate "2013.01.12"]
[Source "Chess Today"]
[SourceDate "2013.01.21"]

1. d4 d5 2. c4 c6 3. Nf3 Nf6 4. Nc3 dxc4 5. a4 Bf5 6. Ne5 Nbd7 7. Nxc4 Qc7 8.
g3 e5 9. dxe5 Nxe5 10. Bf4 Nfd7 11. Bg2 g5 12. Ne3 gxf4 13. Nxf5 O-O-O 14. Qc2
fxg3 15. hxg3 Kb8 16. Rd1 h5 17. Kf1 a5 18. Ne4 Bb4 19. Qb3 Nb6 20. Ne3 f5 21.
Rxd8+ Rxd8 22. Nc3 Ng4 23. Nxg4 hxg4 24. e3 Bxc3 25. Qxc3 Qd6 26. Kg1 Qd1+ 27.
Bf1 Qxa4 28. Rh7 Nd5 29. Qe5+ Ka7 30. Qxf5 Qb4 31. Rf7 Nb6 32. Qe6 Rd6 33. Qe7
Nd5 34. Qe5 Nb6 35. Rf4 Nd7 36. Qe7 Rd4 37. Qg7 Rxf4 38. gxf4 Nc5 39. f5 Qd2
40. Qe5 Nd7 41. Qe7 Qd5 42. Bg2 Qxf5 43. e4 Qe5 44. Qxd7 Qxb2 45. Qf5 Qc3 46.
e5 a4 47. e6 a3 48. Qxg4 b5 49. Qe2 Qa1+ 50. Qf1 Qxf1+ 51. Bxf1 a2 52. e7 a1=Q
53. e8=Q Kb6 54. Qd8+ Kc5 55. Qe7+ Kb6 56. Kg2 Qb1 57. Qd8+ Kc5 58. Bd3 Qe1 59.
Qf8+ Kb6 60. Qb8+ Kc5 61. Qf4 Qc3 62. Qe3+ Kb4 63. f4 c5 64. Kf3 c4 65. Be4 Qa1
66. Qd2+ Kc5 67. Qf2+ Kb4 68. f5 Qh8 69. Qd2+ c3 70. Qd6+ Kb3 71. Qe6+ Kb2 72.
f6 b4 73. f7 b3 74. Bg6 c2 75. Bxc2 bxc2 76. Qb6+ Ka2 77. Qa5+ Kb1 78. Qb4+ Ka2
1/2-1/2

[Event "73rd ch-ARM 2013"]
[Site "Yerevan ARM"]
[Date "2013.01.14"]
[Round "3.2"]
[White "Petrosian, Tigran L"]
[Black "Aghasaryan, Robert"]
[Result "1-0"]
[WhiteElo "2648"]
[BlackElo "2443"]
[PlyCount "97"]
[EventDate "2013.01.12"]
[Source "Chess Today"]
[SourceDate "2013.01.21"]

1. Nf3 d5 2. g3 c6 3. Bg2 Bg4 4. c4 e6 5. Qb3 Qb6 6. Qc2 Nd7 7. cxd5 cxd5 8.
O-O Ne7 9. Qa4 Bxf3 10. Bxf3 Nc6 11. Nc3 Be7 12. Rb1 O-O 13. d3 a6 14. Bg2 Rac8
15. Bd2 Qa7 16. Rbc1 Rfd8 17. Qd1 h6 18. a3 b5 19. b4 Nb6 20. Qb3 Qd7 21. Qa2
Bg5 22. f4 Bf6 23. Kh1 h5 24. e4 dxe4 25. Nxe4 Be7 26. Be3 Nd5 27. Bc5 a5 28.
bxa5 Nxa5 29. Bxe7 Rxc1 30. Rxc1 Nxe7 31. Qe2 Qxd3 32. Qxh5 Qxa3 33. Rg1 Nf5
34. g4 Nh6 35. g5 Nf5 36. g6 Nh6 37. gxf7+ Nxf7 38. Qg6 Nc4 39. Nf6+ Kf8 40.
Nh7+ Ke7 41. Ng5 Ncd6 42. Qxe6+ Kf8 43. Bd5 Qa7 44. Nh7+ Kg8 45. Qg6 Ne8 46.
Nf6+ Kf8 47. Nh7+ Kg8 48. Re1 Ned6 49. Ng5 1-0

[Event "73rd ch-ARM 2013"]
[Site "Yerevan ARM"]
[Date "2013.01.14"]
[Round "3.3"]
[White "Hovhannisyan, Robert"]
[Black "Pashikian, Arman"]
[Result "1-0"]
[WhiteElo "2615"]
[BlackElo "2607"]
[PlyCount "127"]
[EventDate "2013.01.12"]
[Source "Chess Today"]
[SourceDate "2013.01.21"]

1. e4 e5 2. Nf3 Nc6 3. Bb5 Nf6 4. O-O Nxe4 5. d4 Nd6 6. Bxc6 dxc6 7. dxe5 Nf5
8. Qxd8+ Kxd8 9. Nc3 Bd7 10. Rd1 Kc8 11. Ng5 Be8 12. b3 b6 13. Bb2 Be7 14. Nge4
Kb7 15. Rd3 Rd8 16. Rad1 Rxd3 17. Rxd3 h5 18. Bc1 f6 19. exf6 gxf6 20. Ne2 Nd6
21. Re3 Nxe4 22. Rxe4 Bd6 23. Nf4 Bd7 24. Nd3 c5 25. Bb2 Rh6 26. f3 h4 27. Re2
b5 28. Nf2 f5 29. Nd3 c4 30. Ne5 Bxe5 31. Bxe5 Ra6 32. bxc4 Rxa2 33. Rd2 Bc6
34. cxb5 Bxb5 35. Kf2 a5 36. Ke3 a4 37. Kf4 a3 38. Kg5 Ba4 39. Kxh4 Rb2 40. Rd3
Rxc2 41. Rxa3 Bb5 42. Rb3 Kc6 43. g4 fxg4 44. fxg4 Be2 45. Re3 Kd5 46. Kg5 c5
47. h4 c4 48. h5 Bd3 49. h6 Rg2 50. Bf4 Ra2 51. Re5+ Kd4 52. Re7 Ra5+ 53. Kf6
Ra6+ 54. Re6 Ra8 55. Be5+ Kd5 56. Rd6+ Ke4 57. Rd4+ Ke3 58. g5 Rf8+ 59. Ke7 Rf5
60. Bf6 c3 61. h7 c2 62. h8=Q c1=Q 63. Qh3+ Rf3 64. Rxd3+ 1-0

[Event "73rd ch-ARM 2013"]
[Site "Yerevan ARM"]
[Date "2013.01.14"]
[Round "3.5"]
[White "Ter-Sahakyan, Samvel"]
[Black "Grigoryan, Avetik"]
[Result "1/2-1/2"]
[WhiteElo "2567"]
[BlackElo "2599"]
[PlyCount "62"]
[EventDate "2013.01.12"]
[Source "Chess Today"]
[SourceDate "2013.01.21"]

1. e4 e6 2. d4 d5 3. Nc3 Nf6 4. Bg5 Bb4 5. e5 h6 6. Bd2 Bxc3 7. bxc3 Ne4 8. Qg4
g6 9. Bd3 Nxd2 10. Kxd2 c5 11. Nf3 Bd7 12. Rhb1 c4 13. Bf1 Bc6 14. g3 Nd7 15.
h4 Qe7 16. Bh3 Kd8 17. Qf4 Kc7 18. Re1 b5 19. Ke2 Raf8 20. Kf1 Qa3 21. Qd2 b4
22. Re3 Qb2 23. Qc1 bxc3 24. Rb1 Qxc1+ 25. Rxc1 Rb8 26. Rxc3 Nb6 27. Ng1 Kd7
28. Ne2 Na4 29. Ra3 Rb2 30. Ke1 c3 31. Nf4 Rb4 1/2-1/2

[Event "73rd ch-ARM 2013"]
[Site "Yerevan ARM"]
[Date "2013.01.15"]
[Round "4.2"]
[White "Melkumyan, Hrant"]
[Black "Ter-Sahakyan, Samvel"]
[Result "0-1"]
[WhiteElo "2656"]
[BlackElo "2567"]
[PlyCount "120"]
[EventDate "2013.01.12"]
[Source "Chess Today"]
[SourceDate "2013.01.21"]

1. d4 Nf6 2. c4 e6 3. Nc3 Bb4 4. g3 d5 5. Bg2 O-O 6. Nf3 dxc4 7. O-O c5 8. dxc5
Nc6 9. Qc2 Bxc5 10. Bg5 Nb4 11. Qc1 Nbd5 12. Nd2 Nxc3 13. bxc3 h6 14. Bf4 Nd5
15. Nxc4 b5 16. Ne5 Bb7 17. Rd1 Qe7 18. Rb1 Rac8 19. Rxb5 Ba6 20. Rb3 Bxe2 21.
Re1 Nxf4 22. Qxf4 Ba6 23. Qa4 Qd6 24. Rbb1 Rc7 25. Rbd1 Qb6 26. Rd2 Bb5 27. Qd1
Qa5 28. Qf3 Bb6 29. Rc1 Qa3 30. Rdd1 Ba4 31. Re1 Rd8 32. Qf4 Bb5 33. Be4 Qd6
34. Qf3 Qe7 35. c4 Ba4 36. Nd3 Qf6 37. Qe2 Qd4 38. Nf4 Qd2 39. h4 Qxe2 40. Rxe2
Rd4 41. Nd3 Rcxc4 42. Rxc4 Rxc4 43. Ne5 Rc5 44. Nf3 Kf8 45. Kg2 Ke7 46. Bb7 Rc2
47. Rxc2 Bxc2 48. Nd2 Kd6 49. f4 Kc5 50. Ne4+ Kb4 51. Nd6 Bb1 52. a3+ Kxa3 53.
Nxf7 a5 54. Bc8 Be4+ 55. Kh3 Bd5 56. Bd7 Kb3 57. h5 a4 58. Bxa4+ Kxa4 59. g4
Bc7 60. Kg3 e5 0-1

[Event "73rd ch-ARM 2013"]
[Site "Yerevan ARM"]
[Date "2013.01.15"]
[Round "4.3"]
[White "Pashikian, Arman"]
[Black "Hayrapetyan, Hovik"]
[Result "1-0"]
[WhiteElo "2607"]
[BlackElo "2488"]
[PlyCount "85"]
[EventDate "2013.01.12"]
[Source "Chess Today"]
[SourceDate "2013.01.21"]

1. d4 Nf6 2. Nf3 e6 3. c4 Bb4+ 4. Nbd2 b6 5. a3 Bxd2+ 6. Qxd2 Bb7 7. e3 O-O 8.
Be2 Ne4 9. Qc2 f5 10. b4 d6 11. Bb2 Nd7 12. O-O Ndf6 13. d5 e5 14. Nd2 Nxd2 15.
Qxd2 Qe7 16. f3 a5 17. Qc2 g6 18. Rfd1 Kg7 19. Bc3 axb4 20. axb4 h5 21. Bd3 Kh7
22. Qb2 Nd7 23. Bf1 Kh6 24. Rxa8 Rxa8 25. Ra1 Qe8 26. Rxa8 Qxa8 27. f4 Qe8 28.
fxe5 Nxe5 29. Bd4 Kg7 30. h3 Kf7 31. Qf2 Qe7 32. Qa2 Qe8 33. c5 bxc5 34. bxc5
dxc5 35. Ba1 Kf6 36. e4 g5 37. Qf2 Bc8 38. Qxc5 fxe4 39. Qxc7 e3 40. Qb6+ Kf5
41. Qxe3 Bd7 42. Qf2+ Kg6 43. Bd3+ 1-0

[Event "73rd ch-ARM 2013"]
[Site "Yerevan ARM"]
[Date "2013.01.15"]
[Round "4.5"]
[White "Kotanjian, Tigran"]
[Black "Petrosian, Tigran L"]
[Result "0-1"]
[WhiteElo "2518"]
[BlackElo "2648"]
[PlyCount "98"]
[EventDate "2013.01.12"]
[Source "Chess Today"]
[SourceDate "2013.01.21"]

1. d4 d6 2. Nf3 Bg4 3. e3 Nf6 4. h3 Bh5 5. c4 Nbd7 6. Nc3 e5 7. g4 Bg6 8. Nh4
Be4 9. f3 Nd5 10. Ng2 Nxc3 11. bxc3 Bg6 12. h4 h5 13. g5 f5 14. gxf6 gxf6 15.
e4 c6 16. Ne3 Qa5 17. Bd2 Bh6 18. Rg1 Bh7 19. Bh3 Bxe3 20. Bxd7+ Kxd7 21. Rg7+
Ke8 22. Bxe3 Qxc3+ 23. Kf2 Qb2+ 24. Kf1 Bg8 25. Rb1 Bxc4+ 26. Kg1 Qc3 27. Kf2
b5 28. Rc1 Qb4 29. dxe5 Qb2+ 30. Qd2 Qxd2+ 31. Bxd2 fxe5 32. Bg5 Rg8 33. Rh7 a5
34. Rd1 Rg6 35. Rd2 a4 36. f4 exf4 37. Bxf4 Rd8 38. Rc7 d5 39. Bg5 Rd7 40. Rc8+
Kf7 41. Ke3 Re6 42. Rf2+ Kg7 43. e5 Rxe5+ 44. Kd4 Re4+ 45. Kc5 d4 46. Rxc6 d3
47. Bd2 Rf7 48. Bc3+ Kh7 49. Rxf7+ Bxf7 0-1

[Event "73rd ch-ARM 2013"]
[Site "Yerevan ARM"]
[Date "2013.01.16"]
[Round "5.1"]
[White "Petrosian, Tigran L"]
[Black "Andriasian, Zaven"]
[Result "1/2-1/2"]
[WhiteElo "2648"]
[BlackElo "2598"]
[PlyCount "45"]
[EventDate "2013.01.12"]
[Source "Chess Today"]
[SourceDate "2013.01.21"]

1. e4 e5 2. Nf3 Nf6 3. Nxe5 d6 4. Nf3 Nxe4 5. Qe2 Qe7 6. d3 Nf6 7. Nc3 Bg4 8.
Qxe7+ Bxe7 9. Be2 Nc6 10. h3 Bd7 11. Be3 O-O-O 12. O-O-O Rde8 13. Rhe1 h6 14.
Bf1 Bd8 15. g3 Ne5 16. Nxe5 dxe5 17. Bg2 a6 18. d4 exd4 19. Bxd4 Rxe1 20. Rxe1
Re8 21. Rxe8 Bxe8 22. Ne4 Nxe4 23. Bxe4 1/2-1/2

[Event "73rd ch-ARM 2013"]
[Site "Yerevan ARM"]
[Date "2013.01.16"]
[Round "5.2"]
[White "Hovhannisyan, Robert"]
[Black "Kotanjian, Tigran"]
[Result "1-0"]
[WhiteElo "2615"]
[BlackElo "2518"]
[Annotator "Alex Baburin (www.chesstoday.net)"]
[PlyCount "87"]
[EventDate "2013.01.12"]
[Source "Chess Today"]
[SourceDate "2013.01.21"]

1. e4 c5 2. Nf3 d6 3. Bb5+ Bd7 4. Bxd7+ Qxd7 5. O-O Nf6 6. e5 dxe5 7. Nxe5 Qc8
8. Qf3 Nbd7 9. Nc4 b5 10. Na5 e6 11. Nc3 b4 12. Nb5 Nd5 13. c4 bxc3 14. Nxc3
N7b6 15. Qg3 Qb8 16. Qg4 Bd6 17. Nxd5 Nxd5 18. Qa4+ Kf8 19. Qh4 Qd8 20. Qxd8+
Rxd8 21. b3 Nb4 22. Rd1 Nd3 23. Rb1 Rd7 24. Bb2 f5 25. Nc4 Kf7 26. Bc3 Rc8 27.
g3 Bb8 28. Nb2 e5 29. Nxd3 Rxd3 30. Re1 e4 31. b4 c4 32. b5 Ke6 33. b6 axb6 34.
Rxb6+ Bd6 35. a4 Rb8 36. a5 Rxb6 37. axb6 Bb8 38. Rb1 g6 39. b7 Rd7 40. Rb5 Rd5
41. Rb4 Rd7 42. Rb5 {Diagram #} {but he decided to move his king closer to the
enemy passer at once -} Kd6 $4 ({Black should be OK after} 42... Rd5) 43. Be5+
$1 Kc6 44. Bxb8 {Black resigned as he realised that 44...Kxb5 would be met by
45.Bc7!.} 1-0

[Event "73rd ch-ARM 2013"]
[Site "Yerevan ARM"]
[Date "2013.01.16"]
[Round "5.3"]
[White "Hayrapetyan, Hovik"]
[Black "Aghasaryan, Robert"]
[Result "1-0"]
[WhiteElo "2488"]
[BlackElo "2443"]
[Annotator "Alex Baburin (www.chesstoday.net)"]
[PlyCount "85"]
[EventDate "2013.01.12"]
[Source "Chess Today"]
[SourceDate "2013.01.21"]

1. d4 d5 2. Nf3 c6 3. c4 Nf6 4. Nc3 dxc4 5. Ne5 b5 6. g3 Bb7 7. Bg2 Qc8 8. b3
c5 9. Bxb7 Qxb7 10. O-O Nbd7 11. Nxd7 Nxd7 12. dxc5 Nxc5 13. bxc4 Rd8 14. Qc2
b4 15. Rb1 e6 16. Be3 Be7 17. a3 b3 18. Bxc5 bxc2 19. Rxb7 Bxc5 20. Rc1 Rd2 21.
Rb8+ Ke7 22. Rxh8 Bxa3 23. Rf1 c1=Q 24. Rxc1 Bxc1 25. Ra8 Rc2 26. Rxa7+ Kf6 (
26... Kf8 $142) 27. Ne4+ Ke5 (27... Kg6 28. Kf1 Rxc4 29. Nd6 {[%csl Rc4,Rf7]
[%cal Gd6c4,Gd6f7]}) 28. Nc5 Rxc4 29. Nd3+ Kf6 30. Rxf7+ $1 Kxf7 31. Ne5+ Ke7
32. Nxc4 Bg5 33. Kg2 h5 34. Kf3 Bf6 35. Ke4 g5 36. h3 Kf7 37. g4 hxg4 38. hxg4
Bd8 39. f3 Bf6 40. Kd3 Be7 41. Nd2 e5 42. Ne4 Ke6 43. Kc4 1-0